000 00552nam a2200181Ia 4500
003 LDD
008 190117s9999 xx 000 0 und d
020 _c₹40
040 _cLDD
041 _ahi
082 _a410 भा7216
100 _aनगेन्द्र
245 0 _aभाषा शास्त्र के सूत्रधार
_cनगेन्द्र
260 _aनई दिल्ली
_bनेशनल
_c1984
300 _a199प्र.
440 _aसमाकलन:भाषा संसार;2
942 _2ddc
_cH
999 _c161889
_d161889